00222nam a22001097a 4500003000400000020002200004082001700026100001900043245003300062260000900095300000800104SGT a978-1-4402-0251-3 a746.92bV09L aLOALBO, STACY  aVINTAGE FASHION ACCESSORIES  c2009 a254